Connections, curvature, and cohomology
Αποθηκεύτηκε σε:
| Κύριος συγγραφέας: | |
|---|---|
| Άλλοι συγγραφείς: | , |
| Μορφή: | Βιβλίο |
| Γλώσσα: | English |
| Δημοσίευση: |
New York :
Academic Press,
1972-76
|
| Σειρά: | Pure and applied mathematics (Academic Press)
; 47 |
| Θέματα: | |
| Ετικέτες: |
Προσθήκη ετικέτας
Δεν υπάρχουν, Καταχωρήστε ετικέτα πρώτοι!
|
MARC
| LEADER | 00000nam a2200000 i 4500 | ||
|---|---|---|---|
| 001 | 1/60657 | ||
| 008 | 941103m19721973 eng d | ||
| 020 | |a 0-12-302701-2 | ||
| 020 | |a 0-12-302702-0 | ||
| 035 | |l 10046298 | ||
| 040 | |a GR-MY-UA |b gre |e aacr | ||
| 041 | 0 | |a eng | |
| 082 | 0 | |a 514.2 | |
| 100 | 1 | |a Greub, Werner Hildbert |d 1925- | |
| 245 | 1 | 0 | |a Connections, curvature, and cohomology / |c [by] Werner Greub, Stephen Halperin, and Ray Vanstone |
| 260 | |a New York : |b Academic Press, |c 1972-76 | ||
| 300 | |a 2 v.; |c 24 cm. | ||
| 490 | 1 | |a Pure and applied mathematics (Academic Press) |v ; 47 | |
| 504 | |a Includes bibliographical references | ||
| 505 | 0 | |a v. 1: De Rham cohomology of manifolds and vector bundles -- v. 2: Lie groups, principal bundles, and characteristic classes. | |
| 650 | 0 | 0 | |a Connections (Mathematics) |
| 650 | 0 | 0 | |a Curvature. |
| 650 | 0 | 0 | |a Homology theory. |
| 700 | 1 | |a Halperin, Stephen. |4 jointauthor | |
| 700 | 1 | |a Vanstone, Ray. |4 jointauthor | |
| 740 | 0 | 2 | |a De Rhamcohomology of manifolds and vector bundles |
| 740 | 0 | 2 | |a Lie groups, principal bundles, and characteristic classes |
| 830 | 0 | |a Pure and applied mathematics (Academic Press) |v ; 47 | |
| 852 | |a INST |b SAMOS |e 19941103 |h 514.2 GRE |p 005300007109 |q 005300007109 |t BK |y 0 |z v.1 | ||
| 852 | |a INST |b SAMOS |e 19941103 |h 514.2 GRE |p 005300007134 |q 005300007134 |t BK |y 0 |z v.2 | ||
| 852 | |a INST |b SAMOS |e 19941103 |h 514.2 GRE |p 005300007109 |q 005300007109 |t BK |v v.1: |y 0 |z v.1 | ||
| 852 | |a INST |b SAMOS |e 19941103 |h 514.2 GRE |p 005300007134 |q 005300007134 |t BK |v v.2: |y 0 |z v.2 | ||
| 853 | |a INST |b SAMOS |h 514.2 GRE | ||
| 909 | |a Σ |b 030681 | ||
| 909 | |a Σ |b 030680 | ||